DCP <Ein> Betriebssystem für 16-bit-Personalcomputer

Salvato in:
Dettagli Bibliografici
Autore principale: Kalfa, Winfried
Natura: Libro
Lingua:tedesco
Pubblicazione: Leipzig Fachbuchverlag 1989
Edizione:1. Aufl.
Serie:Computerpraxis
Tags: Aggiungi Tag
Nessun Tag, puoi essere il primo ad aggiungerne!!

MARC

LEADER 00000nam a2200000 4500
001 c028509
005 20221215124245.8
041 0 |a ger 
044 |a DE 
245 1 0 |a DCP  |b <Ein> Betriebssystem für 16-bit-Personalcomputer  |c Winfried Kalfa 
250 |a 1. Aufl. 
264 1 |a Leipzig  |b Fachbuchverlag  |c 1989 
300 |a 200 s. 
490 1 |a Computerpraxis 
830 0 |a Computerpraxis 
100 1 |a Kalfa, Winfried